000 01336cam a2200325 a 4500
999 _c330198
_d330198
001 2053343
003 NUST
005 20170613122640.0
008 931215s1994 njua b 001 0 eng
010 _a 93048929
020 _a089603268X
020 _a0896032698 (comb)
040 _aDLC
_cDLC
_dDLC
050 0 0 _aQP551
_b.B268 1994
082 0 0 _a574.19245 WAL
_220
245 0 0 _aBasic protein and peptide protocols /
_cEdited by John M. Walker.
260 _aRawalpindi :
_bNational Book Foundation,
_cc1994.
300 _axii, 490 p. :
_bill. ;
_c23 cm.
490 1 _aMethods in molecular biology ;
_vv. 32
500 _aH.B
504 _aIncludes bibliographical references and index.
650 0 _aProteins
_xAnalysis
_xMethodology.
_92547
650 0 _aPeptides
_xAnalysis
_xMethodology.
_92548
700 1 _aWalker, John M.,
_d1948-
_92448
830 0 _aMethods in molecular biology (Clifton, N.J.) ;
_vv. 32.
_92549
856 4 2 _3Publisher description
_uhttp://www.loc.gov/catdir/enhancements/fy0826/93048929-d.html
856 4 1 _3Table of contents only
_uhttp://www.loc.gov/catdir/enhancements/fy0826/93048929-t.html
906 _a7
_bcbc
_corignew
_d1
_eocip
_f19
_gy-gencatlg
942 _2ddc
_cBK
_kIESE